Defence studies/ (Record no. 8093)
[ view plain ]
| 000 -LEADER | |
|---|---|
| fixed length control field | 00534 a2200169 4500 |
| 010 ## - LCCN (DPL NO) | |
| LC control number | ENG-88287 |
| 020 ## - INTERNATIONAL STANDARD BOOK NUMBER | |
| Terms of availability | 98.00 |
| 035 ## - SYSTEM CONTROL NUMBER | |
| System control number | EN-71820 |
| 037 ## - SOURCE OF ACQUISITION | |
| Source of stock number/acquisition | DBAD / PUB |
| 082 14 - DEWEY DECIMAL CLASSIFICATION NUMBER | |
| Classification number | 355.03071154 |
| 100 ## - MAIN ENTRY--PERSONAL NAME | |
| Personal name | Sircar, Kaushik |
| 245 1# - TITLE STATEMENT | |
| Title | Defence studies/ |
| Statement of responsibility, etc | by Kaushik Sircar |
| 260 ## - PUBLICATION, DISTRIBUTION, ETC. (IMPRINT) | |
| Place of publication, distribution, etc | New Delhi |
| Name of publisher, distributor, etc | Himalaya Publishing House |
| Date of publication, distribution, etc | 2006 |
| 270 ## - ADDRESS | |
| Address | "Pooja Apartments", 4-B, Murari Lal Street, Ansari Road, Darya Ganj, |
| City | New Delhi |
| Postal code | 110 002 |
| 300 ## - PHYSICAL DESCRIPTION | |
| Extent | 132p. |
| Dimensions | 22cm ( pbk) |
| 942 ## - ADDED ENTRY ELEMENTS (KOHA) | |
| Institution code [OBSOLETE] | dpl |
| Item type | English Books |
| Source of classification or shelving scheme | Dewey Decimal Classification |
| Classification part | 355.03071154 |
| Call number suffix | SIR |
| Withdrawn status | Lost status | Not for loan | Collection code | Home library | Current library | Source of acquisition | Cost, normal purchase price | Full call number | Barcode | Copy number | Cost, replacement price | Koha item type |
|---|---|---|---|---|---|---|---|---|---|---|---|---|
| Not For Loan | Non-fiction | D.B.Act.Division | D.B.Act.Division | DBAD/PUB | 98.00 | 355.03071154 SIR | EN-71820 | 1 | 98.00 | English Books |
